000 00598nam a2200229Ia 4500
003 OSt
005 20220928103040.0
006 a|||||r|||| 00| 0
007 ta
008 220927b |||||||| |||| 00| 0 eng d
024 _a36742
037 _cTextual
040 _aSDCL
_cSDCL
_beng
041 _2eng
_aeng
082 _aS:520j86, L7
100 _aNeu Jerome
_9401934
245 0 _aEmotion, thought and therapy.
260 _aLondon
_bRoutledge and Kegan Paul
_c1977
300 _a194p.
_ccm.
942 _hS:520j86, L7
_cTEXL
_2CC
999 _c717777
_d717777